| 000 | 00425nam a2200157Ia 4500 | ||
|---|---|---|---|
| 008 | 230312s9999||||xx |||||||||||||| ||und|| | ||
| 020 | _a81-203-0771-2 | ||
| 082 |
_a621.382 _bMAR-T |
||
| 100 | _aMartin,James | ||
| 245 | 0 | _aTelecommunications and the Computer | |
| 260 |
_bPrentice Hall _aIndia _c1990 |
||
| 300 | _a720 | ||
| 546 | _aEng. | ||
| 650 |
_aEngineering _vOrganisations Involved in Telecommunications |
||
| 942 | _cBK | ||
| 999 |
_c1390 _d1390 |
||